Responses for show #3908 - Wednesday, September 5, 2001

Contestants

Ramsey Campbell, a writer from Newport Beach, California

Kim Taylor, a consulting attorney from Brooklyn, New York

Bernard Pena, a towboat captain from Marrero, Louisiana (whose 1-day cash winnings total $4,100)

Jeopardy! Round responses

I'M 18 & I LIKE IT
(Alex: Just like Jeopardy!)
TOP 100 NEWSPAPERS
THE SPANISH-AMERICAN WAR
ANIMATED HISTORY
BY THE BAY
NEXT LINE, PLEASE
    $100 26
Stephen King

Bernard
    $100 21
Denver

Bernard
    $100 11
the Maine

Bernard
    $100 6
El Dorado

Bernard
    $100 1
the Philippines

Bernard
    $100 16
"...had a very shiny nose"

Ramsey
    $200 27
Kids "R" Us

Ramsey
    $200 22
(Alex: New York and L.A.)

Times

Kim
    $200 12
William Randolph Hearst

Ramsey
    $200 7
the Constitution

Bernard
    $200 2
Greenland

Ramsey
    $200 17
"...the cat and the fiddle"

Kim
    $300 28
Cabbage Patch Kids

Ramsey
    $300 23
daily

Bernard
    $300 13
(Bernard: What is smallpox?)

yellow fever

BernardRamsey
    $400 8
"Napoleon"

Bernard
    $300 3
Tampa Bay

Bernard
    $300 18
"...hoppin' down the bunny trail"

Ramsey
    $400 29
The Stray Cats

Triple Stumper
    $400 24
the Inquirer

Ramsey
    $400 14
the Rough Riders

Ramsey
    $400 9
Florence Nightingale

Triple Stumper
    $400 4
East Bay

Ramsey
    $400 19
"...doo-dah, doo-dah"

Ramsey
    $500 30
Phil Gramm

Ramsey
    $500 25
Hartford

Ramsey
    $500 15
Gridley

Bernard
    $500 10
King John

Ramsey
    $500 5
Bayonne

Ramsey
    $500 20
(Bernard: What is "...Bingo is his name"?)

"...Bingo was his name-o"

BernardRamsey

Scores at the first commercial break (after clue 15):

Bernard Kim Ramsey
$1,400 $0 $2,500

Scores at the end of the Jeopardy! Round:

Bernard Kim Ramsey
$1,400 $400 $5,700

Double Jeopardy! Round responses

SEAN CONNERY
SURPRISE ME, TREBEK!
THERAPISTS
(Alex: Not THE RAPISTS.)
THINGS YOU SHOULDN'T PUT IN YOUR MOUTH
THE NUMBER AFTER 2
RHYMES WITH DOG
    $200 19
Indiana Jones

Kim
    $200 9
Debra Winger

Kim
    $200 24
sexology

Ramsey
    $200 1
cactus

Bernard
    $200 14
7 (27)

Kim
    $200 4
a log

Bernard
    $400 20
Finding Forrester

Ramsey
    $400 10
Lady Godiva

Bernard
    $400 25
group therapy

Ramsey
    $400 2
hemlock

Kim
    $400 15
4 (24)

Ramsey
    $400 5
grog

Bernard
    $3,000 21
Scotland

Ramsey
    $600 11
Charles Kuralt

Bernard
    $600 26
Prince Charming

Ramsey
    $600 3
a tomahawk

Bernard
    $600 16
6 (26)

Ramsey
    $600 6
The Fog

Kim
    $800 22
The Hunt for Red October

Kim
    $800 12
(Kim: Who are "women who wear glasses"?)
...
(Alex: You were so close, but because it's a quotation, we needed you to be exact.)

"girls who wear glasses"

Kim
Triple Stumper
    $800 27
(Kim: Who is Benjamin?)

Jonas

KimRamsey
    $800 29
(Ramsey: Who is Tesla?)

George Westinghouse

Ramsey
Triple Stumper
    $4,500 17
3 (23)

Ramsey
    $800 7
a bog

Bernard
    $1000 23
Darby O'Gill

Kim
    $1000 13
the New Jersey Devils

Triple Stumper
    $1000 28
R.D. Laing

Triple Stumper
    $1000 30
nitrogen

Ramsey
    $1000 18
(Ramsey: What is 4?)

9 (29)

Ramsey
Triple Stumper
    $1000 8
(Ramsey: I'll take SURPRISE ME, TREBEK! for $200, please.)
(Alex: Oh, your reading is much better than mine!)

a cog

Ramsey

Scores at the end of the Double Jeopardy! Round:

Bernard Kim Ramsey
$4,600 $2,200 $16,800
(lock game)

[wagering suggestions for these scores]

Final Jeopardy! Round responses

19th CENTURY AUTHORS
(Alex: A $20,000 payday for this young man--he'll have enough for a modest budget, not a low budget, slasher film.
We'll see him again tomorrow on Jeopardy!)
KimWho is Edgar Allen Poe?
$2,200
BernardWho is ?
$200
RamseyWho was POE?
$3,200
Edgar Allan Poe

Final scores:

Bernard Kim Ramsey
$4,400 $4,400 $20,000
2nd place: Trip to Honolulu 3rd place: Samsung Camera Package New champion: $20,000

Game dynamics:

Coryat scores:

Bernard Kim Ramsey
$4,500 $2,200 $10,700
17 R
(including 1 DD),
2 W
9 R,
2 W
27 R
(including 2 DDs),
2 W

Combined Coryat: $17,400

The J! Archive is created by fans, for fans. The Jeopardy! game show and all elements thereof, including but not limited to copyright and trademark thereto, are the property of Jeopardy Productions, Inc. and are protected under law. This website is not affiliated with, sponsored by, or operated by Jeopardy Productions, Inc. Join the discussion at JBoard.tv.